Účtovníctvo a dane podnikateľských subjektov zbierka príkladov
Guardado en:
| Autor principal: | |
|---|---|
| Autor Corporativo: | |
| Otros Autores: | , |
| Formato: | Libro |
| Lenguaje: | eslovaco |
| Publicado: |
Bratislava
Vydavateľstvo Ekonóm
2011
|
| Materias: | |
| Etiquetas: |
Sin Etiquetas, Sea el primero en etiquetar este registro!
|
MARC
| LEADER | 00000nam a2200000 4500 | ||
|---|---|---|---|
| 001 | 0127375 | ||
| 005 | 20240502072443.0 | ||
| 020 | |a 978-80-225-3179-5 | ||
| 041 | 0 | |a slo | |
| 044 | |a SK | ||
| 245 | 1 | 0 | |a Účtovníctvo a dane podnikateľských subjektov |b zbierka príkladov |c Ján Solík |
| 264 | 1 | |a Bratislava |b Vydavateľstvo Ekonóm |c 2011 | |
| 300 | |a 169 s. [14,027 AH] | ||
| 610 | 2 | 0 | |a účtovníctvo |
| 610 | 2 | 0 | |a účtovníctvo podvojné |
| 610 | 2 | 0 | |a dane |
| 610 | 2 | 0 | |a dane z príjmov |
| 610 | 2 | 0 | |a dane z hodnoty pridanej |
| 610 | 2 | 0 | |a dane miestne |
| 610 | 2 | 0 | |a dane z vozidiel motorových |
| 610 | 2 | 0 | |a dane z nehnuteľností |
| 610 | 2 | 0 | |a osoby fyzické |
| 610 | 2 | 0 | |a osoby právnické |
| 100 | 1 | |a Solík, Ján | |
| 700 | 1 | |a Baštincová, Anna | |
| 700 | 1 | |a Jakubec, Vladimír | |
| 710 | 2 | |a Ekonomická univerzita v Bratislave. Fakulta hospodárskej informatiky | |